| 000 | 00685nam a2200217Ia 4500 | ||
|---|---|---|---|
| 005 | 20230811155949.0 | ||
| 008 | 131103s9999 xx 000 0 und d | ||
| 040 | _aLoreto College | ||
| 041 | _aEnglish | ||
| 082 |
_a920 _bFRE-JON |
||
| 100 | _aJones, Ernest | ||
| 245 | 4 |
_aThe lLife and work of Sigmund Freud _cErnest Jones; edited and abridged by Lionel Trilling and Steven Marcus; with an introduction by Lionel Trilling |
|
| 260 |
_aHarmondsworth _bPenguin _c1961 |
||
| 300 | _a670p | ||
| 504 | _aIncludes index | ||
| 650 | _aFreud, Sigmund - Criticism and Interptretation | ||
| 651 | _aPsychology | ||
| 700 |
_aTrilling, Lionel _4ed. |
||
| 850 | _aLCLIB | ||
| 942 | _cBK | ||
| 999 |
_c18424 _d68903 |
||